Statistiques concernant Capitales aléatoires des États des USA

Cliquez ici pour prendre le quiz!

Statistiques générales

  • Ce quiz a été pris 2 347 fois
  • Le résultat moyen est 13 sur 20

Statistiques - réponses

ÉtatCapitale% Correct
OklahomaOklahoma City
84%
LouisianeBaton Rouge
83%
HawaiiHonolulu
82%
IndianaIndianapolis
82%
TexasAustin
80%
UtahSalt Lake City
79%
ArizonaPhoenix
78%
CalifornieSacramento
75%
MassachusettsBoston
72%
AlaskaJuneau
72%
ColoradoDenver
70%
New YorkAlbany
68%
GeorgieAtlanta
68%
OregonSalem
66%
FlorideTallahassee
66%
Nouveau MexiqueSanta Fe
62%
AlabamaMontgomery
60%
TennesseeNashville
59%
WyomingCheyenne
58%
Dakota du SudPierre
58%
OhioColumbus
57%
DelawareDover
57%
VermontMontpelier
56%
Caroline du NordRaleigh
56%
PennsylvanieHarrisburg
54%
MississippiJackson
54%
KentuckyFrankfort
53%
MontanaHelena
53%
WashingtonOlympia
53%
KansasTopeka
52%
IllinoisSpringfield
51%
Dakota du NordBismarck
49%
Virginie OccidentaleCharleston
49%
Caroline du SudColumbia
49%
IowaDes Moines
49%
ArkansasLittle Rock
49%
NevadaCarson City
48%
Rhode IslandProvidence
48%
WisconsinMadison
47%
IdahoBoise
45%
VirginieRichmond
45%
MarylandAnnapolis
44%
MaineAugusta
44%
New JerseyTrenton
44%
MichiganLansing
42%
ConnecticutHartford
41%
MinnesotaSaint Paul
41%
NebraskaLincoln
40%
MissouriJefferson City
35%
New HampshireConcord
32%

Distribution des résultats

Percentile par nombre de réponses

% des personnes avec chaque résultat

Votre développement - résultats

Vous n’avez pas pris ce quiz